000 00912nam a2200241 i 4500
001 114986
003 ES-MaACL
005 20230906190312.0
007 t|
008 070214s1932 sp ||||1| spa d
080 _a860-22"19"
100 1 _aRamos de Castro, Francisco.
_995304
245 1 3 _aLa maté porque era mía!
_b: drama para reir, en un prologuillo y tres actos, en prosa. Original /
_cFrancisco Ramos de Castro ; dibujos de Antonio Merlo.
260 _aMadrid :
_bRivadeneyra,
_c1932.
300 _a67 p. :
_bil. ;
_c17 cm.
490 1 _aLa Farsa ;
_v242
500 _aEstrenada el día 26 de marzo de 1932 en el Teatro Victoria, de Madrid.
500 _aCubierta de este número: Aurora Redondo y Valeriano León en una escena de La maté porque era mía!
700 1 _aMerlo, Antonio.
_980579
830 0 _aLa Farsa ;
_v242
_9185863
852 _aES-MaACL
_jC-13217
999 _c114986
_d114986